[Event "Chess24 Banter QualH 2020"]
[Site "chess24.com INT"]
[Date "2020.09.18"]
[Round "2.3"]
[White "Svidler, Peter"]
[Black "Yilmaz, Mustafa"]
[Result "1-0"]
[WhiteTitle "GM"]
[BlackTitle "GM"]
[WhiteElo "2723"]
[BlackElo "2630"]
[WhiteFideId "4102142"]
[BlackFideId "6302718"]
[EventDate "2020.09.17"]

1. Nf3 c5 2. g3 Nc6 3. Bg2 e5 4. e4 d6 5. O-O g6 6. d3 Bg7 7. a3 Nge7 8. Nbd2
O-O 9. c3 h6 10. b4 a6 11. Bb2 Be6 12. Re1 b5 13. d4 exd4 14. cxd4 cxb4 15. axb4
Nxb4 16. Ba3 a5 17. d5 Bxa1 18. dxe6 Bg7 19. exf7+ Rxf7 20. Qb3 Nec6 21. Bh3 Nd4
22. Nxd4 Bxd4 23. Nf3 Qf6 24. Be6 Rf8 25. Bxb4 axb4 26. Kg2 Bc3 27. Re3 Kg7 28.
Bxf7 Qxf7 29. Qd1 Qe6 30. Qd3 Rb8 31. h4 Bf6 32. h5 gxh5 33. Nd4 Bxd4 34. Qxd4+
Qe5 35. Qa7+ 1-0

[Event "Chess24 Banter QualH 2020"]
[Site "chess24.com INT"]
[Date "2020.09.18"]
[Round "2.1"]
[White "Howell, David W L"]
[Black "Lagarde, Maxime"]
[Result "1-0"]
[WhiteTitle "GM"]
[BlackTitle "GM"]
[WhiteElo "2663"]
[BlackElo "2657"]
[WhiteFideId "410608"]
[BlackFideId "662399"]
[EventDate "2020.09.17"]

1. Nf3 g6 2. e4 c5 3. c3 d5 4. exd5 Nf6 5. Qa4+ Nbd7 6. c4 Bg7 7. Be2 O-O 8. O-O
Nb6 9. Qc2 e6 10. dxe6 Bxe6 11. h3 Re8 12. d3 Bf5 13. Be3 Rc8 14. Nbd2 Qd6 15.
Rad1 Nbd7 16. Ne4 Qc6 17. Ng3 Be6 18. d4 cxd4 19. Nxd4 Qa6 20. b3 h5 21. Rfe1
Nc5 22. Nxe6 Nxe6 23. Bf3 b5 24. Be2 h4 25. Nf1 b4 26. Bf3 Qa5 27. Rd2 Nh7 28.
Red1 Nhg5 29. Bd5 Kh7 30. f4 Bd4 31. fxg5 Bxe3+ 32. Nxe3 Nxg5 33. Ng4 Qc5+ 34.
Rf2 f5 35. Nf6+ Kg7 36. Nxe8+ Rxe8 37. Qb2+ Kh6 38. Kh1 Re3 39. Rf4 Nxh3 40.
Qh8+ Kg5 41. Qxh4# 1-0

[Event "Chess24 Banter QualH 2020"]
[Site "chess24.com INT"]
[Date "2020.09.18"]
[Round "2.2"]
[White "Lagarde, Maxime"]
[Black "Howell, David W L"]
[Result "1-0"]
[WhiteTitle "GM"]
[BlackTitle "GM"]
[WhiteElo "2657"]
[BlackElo "2663"]
[WhiteFideId "662399"]
[BlackFideId "410608"]
[EventDate "2020.09.17"]

1. g3 e5 2. Bg2 Nf6 3. d3 d5 4. a3 Bd6 5. Nd2 c6 6. c4 O-O 7. e3 Bf5 8. e4 Be6
9. exd5 cxd5 10. Ne2 Nc6 11. O-O a5 12. Nc3 Bc7 13. Nb3 Bb6 14. c5 Bc7 15. Bg5
Qd7 16. Bxf6 gxf6 17. Na4 Ne7 18. Nb6 Bxb6 19. cxb6 Qd6 20. d4 Qxb6 21. Nc5 Nf5
22. Nxe6 fxe6 23. dxe5 fxe5 24. Rb1 e4 25. b4 axb4 26. Rxb4 Qc7 27. Qb3 Rf7 28.
Qb2 Raf8 29. Rc1 Qe7 30. Qe5 Nd6 31. Bh3 Rf6 32. Rb6 Nc4 33. Rxc4 dxc4 34. Bxe6+
Kh8 35. Rd6 c3 36. Rd7 Qxe6 37. Qc7 Qg8 38. Qxc3 h6 39. Rxb7 Rf7 40. Rb5 Kh7 41.
Qe3 Qg6 42. Rb2 Rf3 43. Qd4 Qc6 44. Rb8 R3f6 45. a4 Qe6 46. a5 Qf5 47. a6 Rxa6
48. Rh8+ Kg6 49. Rg8+ Kh5 50. g4+ Qxg4+ 51. Rxg4 Kxg4 52. Qxe4+ Kg5 53. Qe3+ Kh4
54. Qd4+ Kg5 55. h4+ Kh5 56. Qd5+ Kg6 57. Qd3+ Kh5 58. Qxa6 Rg7+ 59. Kh2 Rg4 60.
Qe2 Kxh4 61. Qe5 Rg5 62. Qf6 Kh5 63. f4 Rg4 64. f5 Rg5 65. Qf7+ Kg4 66. f6 Kf3
67. Qg7 1-0

[Event "Chess24 Banter QualH 2020"]
[Site "chess24.com INT"]
[Date "2020.09.18"]
[Round "2.3"]
[White "Howell, David W L"]
[Black "Lagarde, Maxime"]
[Result "1-0"]
[WhiteTitle "GM"]
[BlackTitle "GM"]
[WhiteElo "2663"]
[BlackElo "2657"]
[WhiteFideId "410608"]
[BlackFideId "662399"]
[EventDate "2020.09.17"]

1. Nf3 Nf6 2. g3 g6 3. Bg2 Bg7 4. O-O O-O 5. d4 d6 6. c4 c6 7. Nc3 Bf5 8. Ne1 e5
9. d5 cxd5 10. cxd5 a5 11. Nd3 Na6 12. e4 Bd7 13. f3 b5 14. Be3 Nh5 15. Rc1 f5
16. exf5 gxf5 17. f4 e4 18. Qxh5 exd3 19. Qd1 b4 20. Nb1 Bxb2 21. Qxd3 Bxc1 22.
Rxc1 Re8 23. Bd4 Rc8 24. Rd1 Nc5 25. Qf3 Ne4 26. Qh5 Rc4 27. Bxe4 Rxe4 28. Bf2
Rc2 29. Nd2 Re8 30. Bd4 Qe7 31. Nf3 Qf7 32. Qh4 Ree2 33. Qg5+ Qg6 34. Qd8+ Be8
35. Nh4 Qg4 36. Rf1 Rxh2 37. Qxe8# 1-0

[Event "Chess24 Banter QualH 2020"]
[Site "chess24.com INT"]
[Date "2020.09.18"]
[Round "2.4"]
[White "Lagarde, Maxime"]
[Black "Howell, David W L"]
[Result "1/2-1/2"]
[WhiteTitle "GM"]
[BlackTitle "GM"]
[WhiteElo "2657"]
[BlackElo "2663"]
[WhiteFideId "662399"]
[BlackFideId "410608"]
[EventDate "2020.09.17"]

1. g3 e5 2. Bg2 Nf6 3. d3 d5 4. Nf3 Bd6 5. O-O O-O 6. c4 c6 7. Nc3 h6 8. e4 dxc4
9. dxc4 Qe7 10. Nh4 Be6 11. Qe2 Nbd7 12. f4 Nb6 13. b3 Rad8 14. Kh1 Rfe8 15. f5
Bc8 16. g4 Bb4 17. Nd1 Nxe4 18. Bxe4 Qxh4 19. Be3 Nd7 20. Nf2 Nf6 21. Rg1 Nxe4
22. Nxe4 Bxf5 23. Nf6+ Qxf6 24. gxf5 Qxf5 25. Bxh6 g6 26. Raf1 Qd3 27. Qg2 Rd4
28. Rf3 Qe4 29. Rgf1 Re7 30. Bg5 Red7 31. Bf6 Rd1 32. Qh3 Rxf1+ 33. Qxf1 Qg4 34.
Rg3 Qd1 35. Qxd1 Rxd1+ 36. Kg2 Rd2+ 37. Kf1 e4 38. Rh3 Rd1+ 39. Ke2 Rd2+ 40. Kf1
Rd1+ 41. Ke2 Rd2+ 42. Kf1 1/2-1/2

[Event "Chess24 Banter QualH 2020"]
[Site "chess24.com INT"]
[Date "2020.09.18"]
[Round "2.5"]
[White "Howell, David W L"]
[Black "Lagarde, Maxime"]
[Result "0-1"]
[WhiteTitle "GM"]
[BlackTitle "GM"]
[WhiteElo "2663"]
[BlackElo "2657"]
[WhiteFideId "410608"]
[BlackFideId "662399"]
[EventDate "2020.09.17"]

1. Nf3 Nf6 2. g3 g6 3. Bg2 Bg7 4. O-O O-O 5. c4 d6 6. d4 c6 7. Nc3 Bf5 8. Ne1 e5
9. d5 cxd5 10. Nxd5 Nxd5 11. Bxd5 Nc6 12. Nc2 Bh3 13. Bg2 Bxg2 14. Kxg2 Qd7 15.
b3 h5 16. h4 Rfe8 17. Bb2 b5 18. cxb5 Ne7 19. a4 d5 20. Rc1 d4 21. Nb4 Nf5 22.
Rh1 e4 23. Rc6 a5 24. Na6 Rac8 25. Qc1 e3 26. f3 d3 27. Bxg7 dxe2 28. Re1 Nxg7
29. Rc2 Nf5 30. Rexe2 Nd4 31. Rxc8 Rxc8 32. Qxe3 Nxe2 33. Qxe2 Qf5 34. Qe4 Rc2+
35. Kg1 Rc1+ 36. Kg2 Qf6 37. Qe2 Qa1 38. Qf2 Qb1 39. b6 Qxb3 40. Nc5 Qxb6 41.
Ne4 Qxf2+ 42. Kxf2 Rc4 0-1

[Event "Chess24 Banter QualH 2020"]
[Site "chess24.com INT"]
[Date "2020.09.18"]
[Round "2.6"]
[White "Lagarde, Maxime"]
[Black "Howell, David W L"]
[Result "1/2-1/2"]
[WhiteTitle "GM"]
[BlackTitle "GM"]
[WhiteElo "2657"]
[BlackElo "2663"]
[WhiteFideId "662399"]
[BlackFideId "410608"]
[EventDate "2020.09.17"]

1. b3 e5 2. Bb2 Nc6 3. e3 d5 4. Bb5 Bd6 5. f4 f6 6. Qh5+ g6 7. Qh4 exf4 8. Ne2
Bd7 9. O-O Nce7 10. Bxd7+ Qxd7 11. Nxf4 O-O-O 12. Qh3 Qxh3 13. Nxh3 Rf8 14. Na3
c6 15. c4 Kd7 16. cxd5 Nxd5 17. Nc4 Be7 18. e4 Nb6 19. d4 Nh6 20. Ne3 Nf7 21.
Rad1 Nd6 22. e5 Ne4 23. exf6 Nxf6 24. Nf4 Nfd5 25. Nexd5 Nxd5 26. Nxd5 cxd5 27.
Bc1 Rxf1+ 28. Kxf1 Re8 29. Be3 Bd6 30. Bf2 h5 31. h3 Re4 32. Re1 Rxe1+ 33. Kxe1
Ke6 34. Ke2 a6 35. Kf3 Kf5 36. g4+ hxg4+ 37. hxg4+ Ke6 1/2-1/2

[Event "Chess24 Banter QualH 2020"]
[Site "chess24.com INT"]
[Date "2020.09.18"]
[Round "2.7"]
[White "Howell, David W L"]
[Black "Lagarde, Maxime"]
[Result "1-0"]
[WhiteTitle "GM"]
[BlackTitle "GM"]
[WhiteElo "2663"]
[BlackElo "2657"]
[WhiteFideId "410608"]
[BlackFideId "662399"]
[EventDate "2020.09.17"]

1. e4 e6 2. d4 d5 3. Nd2 Be7 4. e5 c5 5. c3 cxd4 6. cxd4 Qb6 7. Ndf3 Bb4+ 8. Bd2
Nc6 9. Bxb4 Qxb4+ 10. Qd2 Qxd2+ 11. Kxd2 f6 12. h4 fxe5 13. dxe5 Nh6 14. Bb5 Bd7
15. Bxc6 bxc6 16. Rc1 O-O 17. Ne2 Ng4 18. Rhf1 Rxf3 19. gxf3 Nh2 20. f4 Nxf1+
21. Rxf1 c5 22. Rc1 Rc8 23. Rc3 g6 24. Rb3 Rc7 25. Rb8+ Bc8 26. Nc3 Kg7 27. Nb5
Rb7 28. Rxc8 Rxb5 29. b3 Ra5 30. a4 c4 31. bxc4 Rxa4 32. Rc7+ Kh6 33. cxd5 exd5
34. Rf7 a5 35. e6 Re4 36. e7 a4 37. f3 Re6 38. f5 a3 39. fxe6 a2 40. e8=Q a1=Q
41. Qf8+ Kh5 42. Rxh7# 1-0

[Event "Chess24 Banter QualH 2020"]
[Site "chess24.com INT"]
[Date "2020.09.18"]
[Round "2.8"]
[White "Lagarde, Maxime"]
[Black "Howell, David W L"]
[Result "1-0"]
[WhiteTitle "GM"]
[BlackTitle "GM"]
[WhiteElo "2657"]
[BlackElo "2663"]
[WhiteFideId "662399"]
[BlackFideId "410608"]
[EventDate "2020.09.17"]

1. b3 d5 2. Bb2 c6 3. e3 Bf5 4. g4 Be4 5. f3 Bg6 6. h4 h5 7. g5 Nd7 8. Ne2 e5 9.
Bh3 Bd6 10. O-O Ne7 11. f4 Qc7 12. f5 Bh7 13. e4 O-O-O 14. Nbc3 Kb8 15. d3 Bc5+
16. Kh1 Be3 17. Bc1 Bxc1 18. Qxc1 Qd6 19. a4 a5 20. Bg2 Qb4 21. Qe1 Nc5 22. Qg3
f6 23. Qe1 Rd6 24. g6 Bg8 25. Ng3 Na6 26. Nce2 Qc5 27. Qc3 Qb6 28. Rad1 Nb4 29.
Rd2 Ka7 30. Qa1 Qc5 31. Qd1 Qb6 32. c3 Na6 33. d4 exd4 34. Nxd4 Nc7 35. Qe2 Nc8
36. e5 fxe5 37. Qxe5 Rf6 38. Rdf2 Nd6 39. Qe7 Nce8 40. Ne6 Bxe6 41. fxe6 Rxg6
42. Nf5 Qc5 43. Nxd6 Nxd6 44. Qd7 Rg4 45. e7 Rxh4+ 46. Kg1 Re8 47. b4 axb4 48.
cxb4 Rxb4 49. a5 Rb2 50. a6 Kxa6 51. Ra1+ Kb6 52. Qd8+ Kb5 53. Qa5+ Kc4 54. Rc1+ 1-0

[Event "Chess24 Banter QualH 2020"]
[Site "chess24.com INT"]
[Date "2020.09.18"]
[Round "2.9"]
[White "Howell, David W L"]
[Black "Lagarde, Maxime"]
[Result "1-0"]
[WhiteTitle "GM"]
[BlackTitle "GM"]
[WhiteElo "2663"]
[BlackElo "2657"]
[WhiteFideId "410608"]
[BlackFideId "662399"]
[EventDate "2020.09.17"]

1. Nf3 Nf6 2. g3 g6 3. b3 Bg7 4. Bb2 O-O 5. Bg2 d6 6. d4 a5 7. c4 Ne4 8. Nc3
Nxc3 9. Bxc3 c6 10. O-O Nd7 11. Qc2 Nf6 12. e4 d5 13. e5 Ne4 14. Nd2 Nxc3 15.
Qxc3 e6 16. Rfe1 b5 17. cxb5 cxb5 18. a3 Re8 19. b4 Bf8 20. Nb3 Re7 21. Nxa5 Rc7
22. Qd2 Bd7 23. Rec1 Rac8 24. Bf1 h5 25. h4 Be7 26. f4 Rxc1 27. Rxc1 Rxc1 28.
Qxc1 Qb6 29. Nb3 Kg7 30. Kf2 Qa7 31. Ke3 Qb6 32. Bd3 Qa7 33. Nc5 Be8 34. Kd2 Qb6
35. Qc3 Qa7 36. Kc1 Qb6 37. Kb2 Qa7 38. Qd2 Qb6 39. Qe2 f5 40. exf6+ Bxf6 41.
Qe3 Bf7 42. Bf1 Qa7 43. Bh3 Qb6 44. Kb3 Kh7 45. Bxe6 Bxd4 46. Qxd4 Bxe6 47. Qf6 1-0

[Event "Chess24 Banter QualH 2020"]
[Site "chess24.com INT"]
[Date "2020.09.18"]
[Round "2.10"]
[White "Lagarde, Maxime"]
[Black "Howell, David W L"]
[Result "1-0"]
[WhiteTitle "GM"]
[BlackTitle "GM"]
[WhiteElo "2657"]
[BlackElo "2663"]
[WhiteFideId "662399"]
[BlackFideId "410608"]
[EventDate "2020.09.17"]

1. b3 d5 2. Bb2 Nf6 3. e3 g6 4. Bxf6 exf6 5. d4 Nd7 6. g3 f5 7. Bg2 Nf6 8. Ne2
Bd6 9. O-O h5 10. c4 dxc4 11. bxc4 h4 12. c5 Be7 13. Nbc3 Kf8 14. Rb1 c6 15. Nf4
Kg7 16. d5 Nxd5 17. Ncxd5 cxd5 18. Qd4+ Bf6 19. Qxd5 Qxd5 20. Bxd5 Rb8 21. c6 b5
22. Rfc1 Rb6 23. Bf3 Be6 24. Nxe6+ fxe6 25. Rd1 e5 26. Rd7+ Kh6 27. Bd5 a5 28.
Rc1 Rc8 29. e4 b4 30. Rc5 a4 31. Rb7 Rxb7 32. cxb7 Rxc5 33. b8=Q h3 34. Kf1 Rc1+
35. Ke2 Rc2+ 36. Kd3 Rc3+ 37. Kd2 Bg5+ 38. f4 Bf6 39. Qxb4 exf4 40. gxf4 1-0

[Event "Chess24 Banter QualH 2020"]
[Site "chess24.com INT"]
[Date "2020.09.18"]
[Round "2.11"]
[White "Howell, David W L"]
[Black "Lagarde, Maxime"]
[Result "0-1"]
[WhiteTitle "GM"]
[BlackTitle "GM"]
[WhiteElo "2663"]
[BlackElo "2657"]
[WhiteFideId "410608"]
[BlackFideId "662399"]
[EventDate "2020.09.17"]

1. Nf3 Nf6 2. g3 g6 3. b3 Bg7 4. Bb2 O-O 5. Bg2 d6 6. d4 e5 7. dxe5 Nfd7 8. O-O
Nc6 9. c4 dxe5 10. Nc3 e4 11. Ne1 Nc5 12. Nc2 f5 13. Ne3 Be6 14. Qc1 a5 15. Rd1
Qe7 16. Ncd5 Qf7 17. Nf4 Rad8 18. Bxg7 Qxg7 19. Ned5 Qe5 20. h4 Bf7 21. Qe3 b6
22. a3 a4 23. b4 Nb3 24. Rab1 Ncd4 25. Bf1 Nc2 26. Qc3 Qxc3 27. Nxc3 Nxa3 28.
Rb2 Nxc4 29. Ra2 Rxd1 30. Nxd1 a3 31. e3 Rd8 32. Nc3 Nbd2 33. Be2 c6 34. Kh2 b5
35. g4 Ra8 36. gxf5 gxf5 37. Bxc4 Nxc4 38. Nfe2 Nxe3 39. Ra1 Nc2 40. Rc1 Nxb4
41. Nd4 a2 42. Nxa2 Rxa2 43. Kg3 f4+ 44. Kg4 Rxf2 45. Kf5 Kg7 46. Rg1+ Bg6+ 47.
Ke6 Kh6 48. Ke5 e3 49. Ne6 e2 50. h5 e1=Q+ 51. Rxe1 Nd3+ 52. Kf6 Nxe1 53. hxg6
hxg6 54. Ng5 f3 55. Nf7+ Kh5 56. Ne5 Re2 0-1